000 00699nmm a2200217Ia 4500
008 251105s9999||||xx |||||||||||||||||und||
020 _a9788476589564
041 _aspa
100 _aMartos, José Javier
245 0 _aDiálogos interculturales: lenguas, literaturas y sociedad
264 _a[Madrid, España] :
_bAnthropos,
_c2011
300 _a247 páginas
490 _aPensamiento crítico / Pensamiento utópico: crítica y utopía
650 _aCultural Studies
700 _aMartos, José Javier
700 1 _a Trapassi, Leonarda
700 1 _a García, Isabel
700 1 _a Borrero, Víctor M. (eds.)
856 _uhttps://public.digitaliapublishing.com/a/13397
942 _cCF
999 _c68568
_d68568